[Event "Paracin Summer op-A 10th"]
[Site "Paracin"]
[Date "2017.07.13"]
[Round "8.23"]
[White "Dimitrov, Vladimir"]
[Black "Jocev, Milan"]
[Result "1/2-1/2"]
[WhiteElo "2359"]
[BlackElo "2185"]
[PlyCount "38"]
[EventDate "2017.07.07"]
[EventType "swiss"]
[EventRounds "9"]
[EventCountry "SRB"]
[SourceTitle "EXT 2018"]
[Source "ChessBase"]
[SourceDate "2017.10.13"]
[SourceVersion "1"]
[SourceVersionDate "2017.10.13"]
[SourceQuality "1"]

1. d4 Nf6 2. c4 g6 3. Nc3 Bg7 4. e4 d6 5. h3 0-0 6. Be3 Na6 7. g4 c5 8. d5 e6 9. Bd3 exd5 10. exd5 Nd7 11. Be2 Ne5 12. f4 Nd7 13. Qd2 Re8 14. Nf3 Nf6 15. Kf1 Qe7 16. Bf2 Ne4 17. Nxe4 Qxe4 18. Rg1 Nb4 19. Ne1 Bh6 1/2-1/2